000 01426nam a2200253Ia 4500
003 Ost
005 20260507074938.0
008 260507s9999||||xx |||||||||||||| ||und||
040 _cfsecg
041 _aara
082 _a339
100 _aتومي، صالح
_eمؤلف
245 0 _aمبادئ التحليل الاقتصادي الكلي مع تمارين ومسائل محلولة /
_c صالح تومي
260 _aالجزائر:
_bدار اسامة,
_c[دون تاريخ]
300 _a476 صفحة؛
_bإيضاحات ؛
_c24 سم
504 _aبيبليوغرافيا ص.246
520 _aيتناول هذا الكتاب خمسة فصول نحصرها فيما يلي مدخل لمفهوم الاقتصاد الكلي ولحسابات الدخل الوطني /النمودج الكلاسيكي الاساسي للعمالة النقود الاسعار وسعر الفائدة / النمودج الكيتري البسيط للدخل والانفاق /دور النقود الفائدة سعر الصرف والدخل في تحديد المستوى التوازني للناتج /التدبدبات الاقتصادية في الاجلين القصير والطويل وعلاقتها بالناتج الاسعار والعمالة
653 _aااقتصاد كلي
653 _aالانتاج
653 _aالبطالة
653 _aالتضخم
653 _aالطلب
942 _cكتاب
999 _c41902
_d41902